000 00533nam a2200157 4500
001 139712
003 ES-MaACL
005 20230906195901.0
007 t|
008 070214s1903 fr r ||||1| fre d
100 1 _aSayous, André-E.
_9104110
245 1 3 _aLa crise allemande de 1900-1902
_b: la charbon, le fer et l'acier : suivi d'un index des principaux cartels miniers et sidérurgiques d'Allemagne /
_cAndré-E. Sayous.
260 _aParis :
_bLarose,
_c1903.
300 _aXV, 377 p. ;
_c19 cm.
852 _aES-MaACL
_jD-1770
999 _c139712
_d139712